Hughie

Guardat en:
Dades bibliogràfiques
Autor principal: O'Neill, Eugene
Format: Llibre
Idioma:Undetermined
Publicat: Buenos Aires, Argentina Sudamericana 1961
Matèries:
Etiquetes: Afegir etiqueta
Sense etiquetes, Sigues el primer a etiquetar aquest registre!

MARC

LEADER 00000nam a2200000Ia 4500
008 170316s9999 xx 000 0 und d
040 |a cru BVZT 
090 |a 810 O-7h 
100 |a O'Neill, Eugene 
245 |a Hughie 
260 |a Buenos Aires, Argentina 
260 |b Sudamericana 
260 |c 1961 
300 |a 69 páginas 
650 |a LITERATURA ESTADOUNIDENSE 
999 |c 5995  |d 5995 
942 |c 15 D  |h 810 O-7h  |2 z